[Event "Ruhrgebiet Verbandsliga Gruppe 2 1718"]
[Site "Germany"]
[Date "2017.10.08"]
[Round "2.6"]
[White "Sievert, Jan Thorwald"]
[Black "Melmer, Felix"]
[Result "1/2-1/2"]
[WhiteElo "1985"]
[BlackElo "1867"]
[PlyCount "104"]
[EventDate "2017.09.17"]
[EventType "team-tourn"]
[EventRounds "9"]
[EventCountry "GER"]
[SourceTitle "EXT 2022"]
[Source "ChessBase"]
[SourceDate "2021.10.06"]
[SourceVersion "1"]
[SourceVersionDate "2021.10.06"]
[SourceQuality "1"]
[WhiteTeam "Hamm SV"]
[BlackTeam "Gerthe Werne"]
[WhiteTeamCountry "GER"]
[BlackTeamCountry "GER"]

1. d4 f5 2. c4 Nf6 3. Nc3 e6 4. Nf3 d5 5. g3 c6 6. Bg2 Bd6 7. 0-0 0-0 8. b3 Nbd7 9. Qc2 Ne4 10. e3 Ndf6 11. Bb2 Bd7 12. Nd2 Be8 13. f3 Nxd2 14. Qxd2 Bg6 15. Qe2 Bb4 16. a3 Bxc3 17. Bxc3 Nh5 18. b4 Rc8 19. c5 Nf6 20. Bb2 Qe7 21. Rfc1 Bh5 22. b5 g5 23. a4 g4 24. f4 Be8 25. Bc3 h5 26. Be1 Bd7 27. Rab1 Qe8 28. Qb2 Rf7 29. Qb4 Ra8 30. Bf1 Bc8 31. bxc6 bxc6 32. Qa5 Nd7 33. Rb2 a6 34. Rcb1 Kg7 35. Qc7 Nf6 36. Qd6 Qd7 37. Rb6 Qxd6 38. cxd6 Ne4 39. Rxc6 Bd7 40. Rcb6 Bxa4 41. Ra1 Be8 42. Raxa6 Rxa6 43. Rxa6 Rb7 44. Bd3 Kf7 45. Ba5 Nf6 46. Bb6 Bd7 47. Bf1 Ne4 48. Bc5 Rb1 49. Ra7 Ke8 50. Ra8+ Kf7 51. Ra7 Ke8 52. Ra8+ Kf7 1/2-1/2

[Event "Ruhrgebiet Regionalliga 1617"]
[Site "Germany"]
[Date "2017.05.07"]
[Round "9.4"]
[White "Sievert, Jan Thorwald"]
[Black "Wittmann, Rainer"]
[Result "0-1"]
[WhiteElo "2014"]
[BlackElo "1981"]
[PlyCount "82"]
[EventDate "2016.09.11"]
[EventType "team-tourn"]
[EventRounds "9"]
[EventCountry "GER"]
[SourceTitle "EXT 2022"]
[Source "ChessBase"]
[SourceDate "2021.10.06"]
[SourceVersion "1"]
[SourceVersionDate "2021.10.06"]
[SourceQuality "1"]
[WhiteTeam "Hamm SV"]
[BlackTeam "Dortmund SV"]
[WhiteTeamCountry "GER"]
[BlackTeamCountry "GER"]

1. d4 d5 2. c4 e6 3. Nf3 Nf6 4. Nc3 Be7 5. Bf4 c6 6. e3 Nbd7 7. c5 Nh5 8. Bd3 Nxf4 9. exf4 b6 10. b4 a5 11. a3 Bf6 12. Ne5 Bxe5 13. fxe5 Qh4 14. Ne2 f6 15. exf6 Qxf6 16. 0-0 bxc5 17. bxc5 e5 18. Ng3 0-0 19. Bf5 exd4 20. Bxd7 Bxd7 21. Ne2 Qe7 22. Rc1 Bg4 23. f3 Qe3+ 24. Kh1 d3 25. Ng3 d2 26. Rc2 Bc8 27. Qxd2 Re8 28. Ra1 Qxd2 29. Rxd2 Rb8 30. Ne2 Rb3 31. Kg1 Bd7 32. Kf2 Kf7 33. Nd4 Rc3 34. Rc2 Ree3 35. Rb1 Rxc2+ 36. Kxe3 Rxc5 37. Rb7 Ke8 38. Kd3 Rc1 39. Ra7 c5 40. Ne2 Rd1+ 41. Ke3 d4+ 0-1

[Event "Ruhrgebiet Regionalliga 1617"]
[Site "Germany"]
[Date "2017.02.05"]
[Round "6.5"]
[White "Sievert, Jan Thorwald"]
[Black "Henrichs, Wenke"]
[Result "1/2-1/2"]
[WhiteElo "2037"]
[BlackElo "1948"]
[PlyCount "23"]
[EventDate "2016.09.11"]
[EventType "team-tourn"]
[EventRounds "9"]
[EventCountry "GER"]
[SourceTitle "EXT 2022"]
[Source "ChessBase"]
[SourceDate "2021.10.06"]
[SourceVersion "1"]
[SourceVersionDate "2021.10.06"]
[SourceQuality "1"]
[WhiteTeam "Hamm SV"]
[BlackTeam "Wattenscheid SV II"]
[WhiteTeamCountry "GER"]
[BlackTeamCountry "GER"]

1. d4 Nf6 2. c4 g6 3. Nc3 Bg7 4. e4 d6 5. f4 0-0 6. Nf3 c6 7. Be2 Bg4 8. 0-0 Nbd7 9. e5 Ne8 10. h3 Bxf3 11. Bxf3 Rb8 12. Bg4 1/2-1/2

[Event "Ruhrgebiet Verbandsliga Gruppe 2 1516"]
[Site "Germany"]
[Date "2016.03.20"]
[Round "8.5"]
[White "Sievert, Jan Thorwald"]
[Black "Gross, Thomas"]
[Result "1/2-1/2"]
[WhiteElo "2035"]
[BlackElo "1938"]
[PlyCount "58"]
[EventDate "2015.09.06"]
[EventType "team-tourn"]
[EventRounds "9"]
[EventCountry "GER"]
[SourceTitle "EXT 2022"]
[Source "ChessBase"]
[SourceDate "2021.10.06"]
[SourceVersion "1"]
[SourceVersionDate "2021.10.06"]
[SourceQuality "1"]
[WhiteTeam "Hamm SV"]
[BlackTeam "Oberhausen SV II"]
[WhiteTeamCountry "GER"]
[BlackTeamCountry "GER"]

1. d4 d5 2. c4 c6 3. cxd5 cxd5 4. Nc3 Nf6 5. Bf4 Nc6 6. e3 Ne4 7. Nxe4 dxe4 8. a3 e5 9. Bxe5 Qa5+ 10. Ke2 Qb5+ 11. Ke1 Qxb2 12. f3 Bxa3 13. Be2 Qc3+ 14. Kf2 0-0 15. Bf4 Bb2 16. Ra4 Nb4 17. Bd6 Nd3+ 18. Bxd3 exd3 19. Bb4 Qc2+ 20. Qxc2 dxc2 21. Ne2 Be6 22. Bxf8 Kxf8 23. Rb4 Ba3 24. Rxb7 Rc8 25. Ra1 c1Q 26. Nxc1 Bxc1 27. Raxa7 g5 28. Rc7 Rxc7 29. Rxc7 Bb2 1/2-1/2

[Event "Ruhrgebiet Verbandsliga Gruppe 2 1516"]
[Site "Germany"]
[Date "2016.02.21"]
[Round "7.4"]
[White "Sievert, Jan Thorwald"]
[Black "Krueger, Sven"]
[Result "1/2-1/2"]
[WhiteElo "2035"]
[BlackElo "1936"]
[PlyCount "36"]
[EventDate "2015.09.06"]
[EventType "team-tourn"]
[EventRounds "9"]
[EventCountry "GER"]
[SourceTitle "EXT 2022"]
[Source "ChessBase"]
[SourceDate "2021.10.06"]
[SourceVersion "1"]
[SourceVersionDate "2021.10.06"]
[SourceQuality "1"]
[WhiteTeam "Hamm SV"]
[BlackTeam "Brackel SF II"]
[WhiteTeamCountry "GER"]
[BlackTeamCountry "GER"]

1. d4 Nf6 2. c4 g6 3. Nc3 Bg7 4. e4 d6 5. Nf3 0-0 6. Be2 Nbd7 7. h4 e5 8. d5 Nc5 9. Nd2 a5 10. h5 Bd7 11. g4 gxh5 12. gxh5 h6 13. f3 Nh7 14. Nb3 Nxb3 15. Qxb3 b6 16. Be3 f5 17. 0-0-0 f4 18. Bf2 Ng5 1/2-1/2

[Event "Ruhrgebiet Verbandsliga Gruppe 2 1516"]
[Site "Germany"]
[Date "2016.01.24"]
[Round "6.5"]
[White "Sievert, Jan Thorwald"]
[Black "Mikulski, Georg"]
[Result "1-0"]
[WhiteElo "2035"]
[BlackElo "1920"]
[PlyCount "85"]
[EventDate "2015.09.06"]
[EventType "team-tourn"]
[EventRounds "9"]
[EventCountry "GER"]
[SourceTitle "EXT 2022"]
[Source "ChessBase"]
[SourceDate "2021.10.06"]
[SourceVersion "1"]
[SourceVersionDate "2021.10.06"]
[SourceQuality "1"]
[WhiteTeam "Hamm SV"]
[BlackTeam "Wanne-Eickel SV Unser Fritz"]
[WhiteTeamCountry "GER"]
[BlackTeamCountry "GER"]

1. d4 Nf6 2. c4 g6 3. Nc3 d5 4. Bg5 Bg7 5. Bxf6 Bxf6 6. cxd5 0-0 7. e3 c6 8. dxc6 Nxc6 9. Nf3 Qa5 10. Bb5 e5 11. Bxc6 exd4 12. Nxd4 bxc6 13. 0-0 Bxd4 14. Qxd4 Qb6 15. Qxb6 axb6 16. Rfd1 Be6 17. Kf1 h5 18. Ke1 Rfc8 19. a3 Kf8 20. Rac1 Ke7 21. Ne2 c5 22. Nf4 Rd8 23. Rxd8 Rxd8 24. Nxe6 Kxe6 25. Ke2 Rd7 26. Rc3 Rd8 27. f3 Rd7 28. e4 g5 29. Rd3 Rb7 30. Rd5 f6 31. Kd3 Ra7 32. Rd8 b5 33. Rb8 Ra5 34. Rb6+ Ke5 35. Ke3 f5 36. exf5 Kxf5 37. Rc6 c4 38. Rc5+ Kf6 39. Ke4 Ra4 40. Rc6+ Kf7 41. Kd4 h4 42. h3 Kg7 43. Rc5 1-0

[Event "OP-2015-0-03722"]
[Site "LSS email"]
[Date "2015.05.21"]
[Round "?"]
[White "Perez Garcia, Miguel"]
[Black "Sievert, Jan Thorwald"]
[Result "0-1"]
[WhiteElo "1162"]
[BlackElo "1803"]
[PlyCount "58"]
[EventDate "2015.05.17"]
[EventType "tourn (corr)"]
[EventRounds "4"]
[EventCountry "GER"]
[SourceTitle "Corr 2022"]
[Source "ChessBase"]
[SourceDate "2021.10.24"]
[SourceVersion "1"]
[SourceVersionDate "2021.10.24"]
[SourceQuality "1"]

1. Nf3 g6 2. c4 Bg7 3. Nc3 e5 4. d4 exd4 5. Nxd4 Nc6 6. Nxc6 dxc6 7. Qxd8+ Kxd8 8. Bg5+ Ke8 9. Bf4 Be6 10. e3 Kd8 11. 0-0-0+ Kc8 12. Bg5 Nf6 13. Bxf6 Bxf6 14. Kc2 b6 15. b3 Kb7 16. e4 Be5 17. f3 h5 18. Bd3 g5 19. Ne2 a5 20. a4 h4 21. h3 Rad8 22. Rd2 Rd6 23. Rhd1 Rhd8 24. Kc1 b5 25. c5 R6d7 26. axb5 cxb5 27. c6+ Kxc6 28. Kc2 a4 29. Nc1 Kb6 0-1

[Event "OP-2015-0-03722"]
[Site "LSS email"]
[Date "2015.05.21"]
[Round "?"]
[White "Sievert, Jan Thorwald"]
[Black "Molina, Vicente Andres"]
[Result "0-1"]
[WhiteElo "1803"]
[BlackElo "794"]
[PlyCount "29"]
[EventDate "2015.05.17"]
[EventType "tourn (corr)"]
[EventRounds "4"]
[EventCountry "GER"]
[SourceTitle "Corr 2022"]
[Source "ChessBase"]
[SourceDate "2021.10.24"]
[SourceVersion "1"]
[SourceVersionDate "2021.10.24"]
[SourceQuality "1"]

1. d4 Nf6 2. c4 g6 3. g3 Bg7 4. Bg2 0-0 5. Nf3 d6 6. 0-0 c6 7. b3 Qc7 8. Bb2 e5 9. dxe5 dxe5 10. Bxe5 Qb6 11. Nc3 Nbd7 12. Bd4 Qc7 13. Qd2 Rd8 14. Rfd1 Nf8 15. Qb2 0-1

[Event "SC-2015-0-00261"]
[Site "LSS email"]
[Date "2015.05.20"]
[Round "?"]
[White "Sievert, Jan Thorwald"]
[Black "Casas Renteria, Enrique"]
[Result "1-0"]
[WhiteElo "1803"]
[BlackElo "1769"]
[PlyCount "63"]
[EventDate "2015.03.20"]
[EventType "tourn (corr)"]
[EventRounds "6"]
[EventCountry "GER"]
[SourceTitle "Corr 2022"]
[Source "ChessBase"]
[SourceDate "2021.10.24"]
[SourceVersion "1"]
[SourceVersionDate "2021.10.24"]
[SourceQuality "1"]

1. d4 d5 2. c4 e6 3. Nf3 Nf6 4. Nc3 Be7 5. Bf4 0-0 6. e3 Nbd7 7. c5 a5 8. Nb5 Ne8 9. a3 a4 10. Bd3 c6 11. Nc3 Qa5 12. 0-0 b6 13. cxb6 Nxb6 14. Ne5 Bb7 15. Qc2 Nf6 16. h3 Rfc8 17. Bg5 h6 18. Bh7+ Kf8 19. Bg6 hxg5 20. Bxf7 Bd6 21. Bxe6 Rc7 22. Qf5 Bc8 23. Ng6+ Ke8 24. Rfe1 Bd7 25. Bxd7+ Rxd7 26. Ne5 Bxe5 27. dxe5 Ng8 28. Ne2 Qc5 29. Rac1 Nc4 30. Qg6+ Kd8 31. Nd4 Kc8 32. Qe8+ 1-0

[Event "SC-2015-0-00261"]
[Site "LSS email"]
[Date "2015.05.20"]
[Round "?"]
[White "Soreghy, Janos"]
[Black "Sievert, Jan Thorwald"]
[Result "1-0"]
[WhiteElo "1718"]
[BlackElo "1803"]
[PlyCount "22"]
[EventDate "2015.03.20"]
[EventType "tourn (corr)"]
[EventRounds "6"]
[EventCountry "GER"]
[SourceTitle "Corr 2022"]
[Source "ChessBase"]
[SourceDate "2021.10.24"]
[SourceVersion "1"]
[SourceVersionDate "2021.10.24"]
[SourceQuality "1"]

1. d4 Nf6 2. c4 Nc6 3. Nf3 e6 4. Nc3 Bb4 5. e3 0-0 6. Bd3 d6 7. 0-0 Bxc3 8. bxc3 e5 9. e4 h6 10. h3 b6 11. Re1 Re8 1-0

[Event "ZI-2014-0-01774"]
[Site "LSS email"]
[Date "2014.03.22"]
[Round "?"]
[White "Reede, Arvo"]
[Black "Sievert, Jan Thorwald"]
[Result "1-0"]
[WhiteElo "1686"]
[BlackElo "1744"]
[PlyCount "67"]
[EventDate "2014.03.09"]
[EventType "match (corr)"]
[EventRounds "2"]
[EventCountry "GER"]
[SourceTitle "Telechess CBM 167"]
[Source "ChessBase"]
[SourceDate "2015.07.13"]
[SourceVersion "1"]
[SourceVersionDate "2015.07.13"]
[SourceQuality "1"]

1. e4 e5 2. Nf3 Nc6 3. Bc4 Nf6 4. d4 exd4 5. e5 Ne4 6. Qe2 Nc5 7. c3 d3 8. Qe3 Be7 9. b4 Ne6 10. 0-0 d5 11. Bxd3 0-0 12. Ba3 a6 13. Rd1 f6 14. Bc4 Ned4 15. Bxd5+ Qxd5 16. cxd4 fxe5 17. Nc3 Qc4 18. Nxe5 Nxe5 19. dxe5 Be6 20. Ne2 Rad8 21. Nd4 Bg5 22. Qxg5 Rxd4 23. b5 Rxf2 24. Kxf2 Qc2+ 25. Ke1 h6 26. Qc1 Qxg2 27. Rxd4 Qg1+ 28. Ke2 Qxd4 29. bxa6 Bc4+ 30. Kf3 Bd5+ 31. Ke2 Bc4+ 32. Ke1 Qxe5+ 33. Kd2 Qxh2+ 34. Kc3 1-0

[Event "OP-2014-0-03347"]
[Site "LSS email"]
[Date "2014.03.22"]
[Round "?"]
[White "Sievert, Jan Thorwald"]
[Black "Goti, Javier"]
[Result "1-0"]
[WhiteElo "1744"]
[BlackElo "725"]
[PlyCount "53"]
[EventDate "2014.03.17"]
[EventType "tourn (corr)"]
[EventRounds "4"]
[EventCountry "GER"]
[SourceTitle "Telechess CBM 167"]
[Source "ChessBase"]
[SourceDate "2015.07.13"]
[SourceVersion "1"]
[SourceVersionDate "2015.07.13"]
[SourceQuality "1"]

1. d4 Nf6 2. c4 g6 3. Nc3 Bg7 4. e4 d6 5. f4 e5 6. dxe5 Ng4 7. Nf3 0-0 8. h3 Nh6 9. g4 f6 10. exf6 Bxf6 11. Bd2 Nf7 12. Qe2 Nc6 13. 0-0-0 Re8 14. Nd5 Bg7 15. Be1 Be6 16. Bh4 Qd7 17. Nf6+ Bxf6 18. Bxf6 Nb4 19. f5 Nxa2+ 20. Kb1 Qa4 21. fxe6 Rxe6 22. g5 Nxg5 23. Bxg5 Qb3 24. Rd3 Qxc4 25. Rd4 Qb3 26. Qc4 Qxc4 27. Bxc4 1-0

[Event "OP-2014-0-03347"]
[Site "LSS email"]
[Date "2014.03.22"]
[Round "?"]
[White "Vontina, Maria"]
[Black "Sievert, Jan Thorwald"]
[Result "0-1"]
[WhiteElo "738"]
[BlackElo "1744"]
[PlyCount "40"]
[EventDate "2014.03.17"]
[EventType "tourn (corr)"]
[EventRounds "4"]
[EventCountry "GER"]
[SourceTitle "Telechess CBM 167"]
[Source "ChessBase"]
[SourceDate "2015.07.13"]
[SourceVersion "1"]
[SourceVersionDate "2015.07.13"]
[SourceQuality "1"]

1. e4 e5 2. Nf3 Nc6 3. Bb5 a6 4. Ba4 d6 5. d4 b5 6. Bb3 Nxd4 7. Nxd4 exd4 8. Qxd4 c5 9. Qd5 Be6 10. Qc6+ Bd7 11. Qd5 c4 12. Bxc4 bxc4 13. Qxc4 Nf6 14. 0-0 Be7 15. Nc3 0-0 16. f3 Be6 17. Qd3 d5 18. exd5 Nxd5 19. Nxd5 Qxd5 20. Qxd5 Bxd5 0-1

[Event "OP-2013-0-02793"]
[Site "LSS email"]
[Date "2013.05.22"]
[Round "?"]
[White "Habes, Jiri"]
[Black "Sievert, Jan Thorwald"]
[Result "0-1"]
[WhiteElo "1806"]
[BlackElo "1866"]
[PlyCount "222"]
[EventDate "2013.05.19"]
[EventType "tourn (corr)"]
[EventRounds "4"]
[EventCountry "GER"]
[SourceTitle "Telechess CBM 161"]
[Source "ChessBase"]
[SourceDate "2014.07.16"]
[SourceVersion "1"]
[SourceVersionDate "2014.07.16"]
[SourceQuality "1"]

1. e4 c5 2. Nf3 d6 3. d4 cxd4 4. Nxd4 Nf6 5. Nc3 a6 6. a4 e5 7. Nf3 Be7 8. Bc4 0-0 9. 0-0 h6 10. Qe2 Be6 11. h3 Qc7 12. Bxe6 fxe6 13. Rd1 Nc6 14. Qc4 Qc8 15. a5 Nd4 16. Qd3 Nxf3+ 17. Qxf3 Qc6 18. Re1 Kh8 19. Qg3 d5 20. Qxe5 Bc5 21. Rf1 d4 22. Ne2 Rad8 23. Qg3 Nxe4 24. Qd3 e5 25. f3 Nf6 26. Bd2 Nd5 27. Ng3 Ne3 28. Rf2 Be7 29. Be1 Rc8 30. c3 Bg5 31. cxd4 exd4 32. Ne4 Bf4 33. Bd2 Rfd8 34. b4 Bb8 35. Nc5 Re8 36. Rc1 Qd5 37. Ne4 Rxc1+ 38. Bxc1 Nc4 39. Rf1 Ne5 40. Qb1 d3 41. Bb2 Nc4 42. Rd1 Ba7+ 43. Kh1 Rd8 44. Bc3 d2 45. Qa1 Rd7 46. Nxd2 Be3 47. Bxg7+ Kh7 48. Bc3 Qd3 49. Qc1 Bg5 50. Qa1 Nxd2 51. Qb2 Bf4 52. Bxd2 Bxd2 53. Qe5 Qc2 54. Qe2 Qc6 55. h4 Qd5 56. g3 Qd3 57. Qf2 Qc3 58. Qe2 Qxb4 59. h5 Qd4 60. Qe6 Qd3 61. Kh2 Qd5 62. Qg6+ Kh8 63. Kh3 Qd6 64. Qe4 Qc6 65. Qe5+ Kg8 66. Qe8+ Kg7 67. Rb1 Rf7 68. Qxc6 bxc6 69. Rb6 Ra7 70. Rxc6 Bxa5 71. Rg6+ Kh7 72. Rg4 Bb6 73. Ra4 a5 74. f4 Bc5 75. Kg4 Bb4 76. Kf5 Rf7+ 77. Kg4 Rg7+ 78. Kf3 Rc7 79. Ra1 Rc3+ 80. Kg2 Rc5 81. g4 Rc3 82. Kf2 Kg7 83. Ra2 Rc4 84. Kf3 Rc3+ 85. Kf2 Kf6 86. Ra1 Rc4 87. Kf3 Bd2 88. Ke2 Bxf4 89. Rxa5 Bd6 90. Rf5+ Ke6 91. Kf3 Rc3+ 92. Kf2 Rg3 93. Rf8 Rxg4 94. Rh8 Bf4 95. Re8+ Kf5 96. Rf8+ Ke4 97. Re8+ Be5 98. Re6 Rh4 99. Rxh6 Rh2+ 100. Kg1 Bf4 101. Rb6 Rxh5 102. Rb2 Be3+ 103. Kg2 Rg5+ 104. Kh1 Rg1+ 105. Kh2 Kf3 106. Kh3 Rg6 107. Rb4 Rg8 108. Ra4 Rg1 109. Ra2 Bc1 110. Rc2 Bf4 111. Rc3+ Be3 0-1

[Event "ZH-2013-0-01053"]
[Site "LSS email"]
[Date "2013.05.22"]
[Round "?"]
[White "Jovanovic, Bratislav"]
[Black "Sievert, Jan Thorwald"]
[Result "1-0"]
[WhiteElo "2106"]
[BlackElo "1866"]
[PlyCount "121"]
[EventDate "2013.05.16"]
[EventType "match (corr)"]
[EventRounds "2"]
[EventCountry "GER"]
[SourceTitle "Telechess CBM 161"]
[Source "ChessBase"]
[SourceDate "2014.07.16"]
[SourceVersion "1"]
[SourceVersionDate "2014.07.16"]
[SourceQuality "1"]

1. e4 e5 2. Nc3 Nf6 3. Nf3 Nc6 4. Bb5 Nd4 5. 0-0 Nxb5 6. Nxb5 c6 7. Nc3 d6 8. d4 Qc7 9. h3 Be7 10. a4 h6 11. Be3 0-0 12. Re1 b6 13. Qe2 a5 14. Nd2 Ba6 15. Qf3 Rad8 16. Nf1 exd4 17. Bxd4 Bxf1 18. Kxf1 Nd7 19. Nd1 Bf6 20. c3 Ne5 21. Qg3 h5 22. Bxe5 Bxe5 23. f4 Bf6 24. Qf3 d5 25. e5 Bh4 26. g3 Be7 27. Qxh5 Bc5 28. Nf2 Bxf2 29. Kxf2 d4 30. Qf3 b5 31. Re2 dxc3 32. Qxc3 b4 33. Qe3 c5 34. Rc1 c4 35. Rec2 c3 36. bxc3 b3 37. Re2 Rb8 38. Rb2 Qc4 39. Qd4 Qc8 40. Qe4 Rd8 41. h4 Rb4 42. c4 Rxa4 43. Rc3 Ra1 44. Rcxb3 Qh3 45. Qg2 Qf5 46. Re2 a4 47. Rb5 Rd4 48. Qf3 Rxc4 49. e6 Qxb5 50. Qa8+ Kh7 51. exf7 Qb6+ 52. Kg2 Qg1+ 53. Kh3 Qf1+ 54. Qg2 Rxf4 55. gxf4 Qxf4 56. Qe4+ Qxe4 57. Rxe4 Rf1 58. Rxa4 Rxf7 59. Ra6 Rb7 60. Kg4 Rb5 61. Ra4 1-0

[Event "OP-2013-0-02794"]
[Site "LSS email"]
[Date "2013.05.22"]
[Round "?"]
[White "Neumann, Frank"]
[Black "Sievert, Jan Thorwald"]
[Result "0-1"]
[WhiteElo "571"]
[BlackElo "1866"]
[PlyCount "36"]
[EventDate "2013.05.19"]
[EventType "tourn (corr)"]
[EventRounds "4"]
[EventCountry "GER"]
[SourceTitle "Corr 2015"]
[Source "ChessBase"]
[SourceDate "2015.07.17"]
[SourceVersion "1"]
[SourceVersionDate "2015.07.17"]
[SourceQuality "1"]

1. e4 e5 2. Nf3 Nc6 3. Be2 Nf6 4. Nc3 d5 5. exd5 Nxd5 6. Nxd5 Qxd5 7. 0-0 e4 8. Ne1 Bf5 9. b3 Qe5 10. Rb1 0-0-0 11. Bg4 Bd6 12. Bxf5+ Qxf5 13. Bb2 h5 14. Bxg7 Rhg8 15. Bh6 h4 16. d3 exd3 17. Nxd3 Qg6 18. Be3 Qxg2# 0-1

[Event "OP-2013-0-02794"]
[Site "LSS email"]
[Date "2013.05.22"]
[Round "?"]
[White "Sievert, Jan Thorwald"]
[Black "Lenz, Juergen"]
[Result "1-0"]
[WhiteElo "1866"]
[BlackElo "1083"]
[PlyCount "81"]
[EventDate "2013.05.19"]
[EventType "tourn (corr)"]
[EventRounds "4"]
[EventCountry "GER"]
[SourceTitle "Telechess CBM 161"]
[Source "ChessBase"]
[SourceDate "2014.07.16"]
[SourceVersion "1"]
[SourceVersionDate "2014.07.16"]
[SourceQuality "1"]

1. d4 Nf6 2. c4 d6 3. Nc3 Bf5 4. f3 e5 5. d5 e4 6. Be3 h6 7. Nh3 Bxh3 8. gxh3 exf3 9. exf3 Nbd7 10. Qe2 Be7 11. Rg1 Rg8 12. 0-0-0 Nb6 13. Bd4 Kf8 14. Re1 Qd7 15. f4 Re8 16. Qf3 Nh7 17. Bd3 Nf6 18. Kb1 Bd8 19. f5 Na4 20. Rxe8+ Nxe8 21. Ne4 b6 22. Bc2 Nc5 23. Nc3 a5 24. Nb5 Bf6 25. Bf2 Be5 26. Na7 Nf6 27. Nc6 Bxh2 28. Re1 Be5 29. Bxc5 bxc5 30. Qa3 g5 31. fxg6 fxg6 32. Nxe5 dxe5 33. Rxe5 Kg7 34. Qxc5 Re8 35. Rxe8 Nxe8 36. Qxa5 Qxh3 37. Qe1 Qd7 38. a4 Nd6 39. c5 Nf7 40. Qe4 g5 41. a5 1-0

[Event "OP-2013-0-02794"]
[Site "LSS email"]
[Date "2013.05.22"]
[Round "?"]
[White "Yloenen, Olli"]
[Black "Sievert, Jan Thorwald"]
[Result "1-0"]
[WhiteElo "1603"]
[BlackElo "1866"]
[PlyCount "34"]
[EventDate "2013.05.19"]
[EventType "tourn (corr)"]
[EventRounds "4"]
[EventCountry "GER"]
[SourceTitle "Corr 2015"]
[Source "ChessBase"]
[SourceDate "2015.07.17"]
[SourceVersion "1"]
[SourceVersionDate "2015.07.17"]
[SourceQuality "1"]

1. e4 e5 2. Nf3 Nc6 3. Bb5 a6 4. Ba4 d6 5. c3 g6 6. d4 Bd7 7. 0-0 Bg7 8. Re1 Nge7 9. d5 Na5 10. Bxd7+ Qxd7 11. b3 0-0 12. c4 c5 13. Bd2 b6 14. Qc1 Nb7 15. Nc3 f5 16. Bg5 f4 17. Bxe7 Qxe7 1-0

[Event "ZH-2013-0-01036"]
[Site "LSS email"]
[Date "2013.04.29"]
[Round "?"]
[White "Monteverde, Italo"]
[Black "Sievert, Jan Thorwald"]
[Result "1-0"]
[WhiteElo "2163"]
[BlackElo "1866"]
[PlyCount "77"]
[EventDate "2013.04.24"]
[EventType "match (corr)"]
[EventRounds "2"]
[EventCountry "GER"]
[SourceTitle "Telechess CBM 161"]
[Source "ChessBase"]
[SourceDate "2014.07.16"]
[SourceVersion "1"]
[SourceVersionDate "2014.07.16"]
[SourceQuality "1"]

1. d4 Nf6 2. c4 Nc6 3. Nc3 e5 4. e3 Bb4 5. a3 Bxc3+ 6. bxc3 0-0 7. d5 Na5 8. Nf3 b6 9. Nxe5 Qe7 10. Nf3 Ba6 11. Nd2 Ne4 12. Nxe4 Qxe4 13. Qd3 Qg4 14. Qd1 Qh4 15. Qd4 Qh6 16. Qd1 Qg6 17. h4 h6 18. h5 Qf6 19. Qd4 Qf5 20. Qd1 Bxc4 21. Bxc4 Nxc4 22. Rh4 b5 23. a4 a6 24. Kf1 Rfe8 25. Rg4 Re5 26. Rf4 Qg5 27. axb5 Rxd5 28. Qf3 Nb6 29. c4 Qe5 30. Rxa6 Rxa6 31. bxa6 Qa1 32. cxd5 Qxc1+ 33. Ke2 Qc2+ 34. Ke1 Qc3+ 35. Kd1 Qd3+ 36. Kc1 Qc3+ 37. Kd1 Qd3+ 38. Kc1 Qc3+ 39. Kd1 1-0

[Event "OP-2013-0-02741"]
[Site "LSS email"]
[Date "2013.04.19"]
[Round "?"]
[White "Olivas Montiel, Carlos Fernando"]
[Black "Sievert, Jan Thorwald"]
[Result "1-0"]
[WhiteElo "2075"]
[BlackElo "1866"]
[PlyCount "63"]
[EventDate "2013.04.16"]
[EventType "tourn (corr)"]
[EventRounds "4"]
[EventCountry "GER"]
[SourceTitle "Telechess CBM 161"]
[Source "ChessBase"]
[SourceDate "2014.07.16"]
[SourceVersion "1"]
[SourceVersionDate "2014.07.16"]
[SourceQuality "1"]

1. d4 Nf6 2. Nf3 g6 3. c4 Bg7 4. Nc3 0-0 5. e4 d6 6. h3 Na6 7. Be3 e5 8. dxe5 dxe5 9. Qc2 Qe7 10. Nd5 Qd8 11. Rd1 Nd7 12. c5 c6 13. Nc3 Nc7 14. Bc4 Qe7 15. Na4 Rb8 16. Bb3 Ne6 17. 0-0 Nf4 18. Rfe1 Re8 19. Qc1 g5 20. h4 h6 21. hxg5 hxg5 22. g3 Nf8 23. gxf4 gxf4 24. Bxf4 exf4 25. Qxf4 Be6 26. e5 Bxb3 27. axb3 Qe6 28. Rd6 Ng6 29. Qg5 Qh3 30. Re3 Qh6 31. Qg4 Qf4 32. Rxg6 1-0

[Event "OP-2013-0-02741"]
[Site "LSS email"]
[Date "2013.04.19"]
[Round "?"]
[White "Sievert, Jan Thorwald"]
[Black "Lenz, Juergen"]
[Result "1-0"]
[WhiteElo "1866"]
[BlackElo "1083"]
[PlyCount "75"]
[EventDate "2013.04.16"]
[EventType "tourn (corr)"]
[EventRounds "4"]
[EventCountry "GER"]
[SourceTitle "Telechess CBM 161"]
[Source "ChessBase"]
[SourceDate "2014.07.16"]
[SourceVersion "1"]
[SourceVersionDate "2014.07.16"]
[SourceQuality "1"]

1. d4 Nf6 2. c4 d6 3. Nc3 Bf5 4. f3 e5 5. d5 e4 6. Be3 h6 7. Nh3 Nbd7 8. Nf2 Qe7 9. Qd4 c5 10. dxc6 bxc6 11. Nfxe4 Nxe4 12. Nxe4 Bxe4 13. Qxe4 Qxe4 14. fxe4 Ne5 15. Bd4 c5 16. Bxe5 dxe5 17. 0-0-0 Rd8 18. Rd5 Bd6 19. e3 Ke7 20. Be2 Rb8 21. Bd1 Rhd8 22. Ba4 a6 23. Rhd1 Rb4 24. b3 Rb6 25. a3 Rbb8 26. Kc2 Ke6 27. b4 cxb4 28. c5 Bc7 29. axb4 g6 30. Kc3 f5 31. Bb3 Ke7 32. Bc4 Ra8 33. Rxd8 Bxd8 34. Rd6 a5 35. b5 a4 36. b6 a3 37. Re6+ Kd7 38. c6+ 1-0

[Event "OP-2013-0-02740"]
[Site "LSS email"]
[Date "2013.04.18"]
[Round "?"]
[White "Eichner, Dieter"]
[Black "Sievert, Jan Thorwald"]
[Result "1-0"]
[WhiteElo "1745"]
[BlackElo "1866"]
[PlyCount "83"]
[EventDate "2013.04.15"]
[EventType "tourn (corr)"]
[EventRounds "4"]
[EventCountry "GER"]
[SourceTitle "Telechess CBM 161"]
[Source "ChessBase"]
[SourceDate "2014.07.16"]
[SourceVersion "1"]
[SourceVersionDate "2014.07.16"]
[SourceQuality "1"]

1. d4 Nf6 2. e3 g6 3. Nf3 Bg7 4. c4 0-0 5. Nc3 d6 6. Be2 Nbd7 7. 0-0 e5 8. b3 e4 9. Nd2 Re8 10. Bb2 Nf8 11. Qc2 Bf5 12. d5 a6 13. Bd1 h5 14. Ne2 h4 15. Nd4 Bd7 16. h3 N8h7 17. Ne2 Ng5 18. Nf4 Qe7 19. Rc1 Bf5 20. b4 a5 21. a3 axb4 22. axb4 Nd7 23. Bxg7 Kxg7 24. Nb3 Kg8 25. Nd4 Nh7 26. c5 Nhf6 27. Be2 Ne5 28. c6 bxc6 29. dxc6 Reb8 30. Qb3 Bc8 31. b5 g5 32. Nd5 Nxd5 33. Qxd5 Nd3 34. Ra1 Qe5 35. Qc4 Be6 36. Rxa8 Rxa8 37. Nxe6 fxe6 38. b6 cxb6 39. Bxd3 d5 40. Qb5 exd3 41. Qxd3 Kg7 42. Qb1 1-0